[Event "ICS rated blitz match"]
[Site "204.178.125.65"]
[Date "1999.08.10"]
[Round "?"]
[White "corruptor"]
[Black "Hossa"]
[Result "1/2-1/2"]
[WhiteElo "2702"]
[BlackElo "2497"]
[PlyCount "166"]
[EventDate "1999.??.??"]

1. d4 e6 2. c4 d5 3. Nc3 Nf6 4. Bg5 Bb4 5. Qc2 dxc4 6. e3 b5 7. Be2 Bb7 8. Nf3
O-O 9. O-O a6 10. a4 c6 11. Ne4 Be7 12. Nc5 Bxc5 13. dxc5 Nbd7 14. e4 Qc7 15.
Be3 Ng4 16. Qd2 Ndf6 17. Qd6 Qxd6 18. cxd6 Nxe4 19. Bf4 c3 20. b3 b4 21. Rad1
Rad8 22. Ng5 Ngf6 23. Nxe4 Nxe4 24. f3 Nf6 25. Rfe1 Nd5 26. Bg3 f6 27. Bf2 Rxd6
28. Bc5 Rfd8 29. Bxd6 Rxd6 30. Kf2 a5 31. g3 e5 32. Bd3 c5 33. f4 exf4 34. gxf4
Bc6 35. Bb5 Bxb5 36. axb5 Rd7 37. Kf3 Kf8 38. Ra1 Kf7 39. Rxa5 Kg6 40. Raa1 Kf5
41. Rad1 Nb6 42. Rxd7 Nxd7 43. Ke3 Nb6 44. Kd3 Kxf4 45. h4 g6 46. Re6 Nd7 47.
b6 c4+ 48. Kxc4 c2 49. Re1 Nxb6+ 50. Kc5 Nd7+ 51. Kxb4 h6 52. Kc3 Kg3 53. h5
gxh5 54. Kxc2 h4 55. Rg1+ Kf4 56. Rg6 h5 57. Rh6 Kg5 58. Rh7 Ne5 59. Rg7+ Ng6
60. b4 h3 61. Rd7 h2 62. Rd1 Nh4 63. Kd3 Nf3 64. Rh1 Kh4 65. b5 Kg3 66. Ke4 f5+
67. Kd5 Kg2 68. Rxh2+ Nxh2 69. b6 f4 70. b7 f3 71. b8=Q f2 72. Qb2 h4 73. Ke4
Nf1 74. Kf4 Ng3 75. Ke3 Nf5+ 76. Kd3 h3 77. Qa2 h2 78. Qd5+ Kg1 79. Qg8+ Kf1
80. Qh8 Kg1 81. Qg8+ Kf1 82. Qh8 Kg1 83. Qg8+ 83... Kf1 {
Game drawn by repetition} 1/2-1/2

[Event "ICS Rated blitz match"]
[Site "204.178.125.65"]
[Date "1999.08.10"]
[Round "?"]
[White "Hossa"]
[Black "libertad"]
[Result "0-1"]
[WhiteElo "2505"]
[BlackElo "2173"]
[PlyCount "66"]
[EventDate "1999.??.??"]

1. d4 Nf6 2. c4 g6 3. Nc3 Bg7 4. e4 d6 5. f3 O-O 6. Be3 Nc6 7. Rb1 Bd7 8. b4 e5
9. d5 Nd4 10. Nge2 Nh5 11. Qd3 Qh4+ 12. Bf2 Qf6 13. Qd2 Nxe2 14. Nxe2 Rfb8 15.
Be3 Qe7 16. g3 f5 17. Bh6 Bxh6 18. Qxh6 a5 19. a3 axb4 20. axb4 f4 21. gxf4
Qh4+ 22. Kd1 Ra2 23. b5 Qf2 24. Rb3 Bh3 25. Ra3 Rxa3 26. Bxh3 Rd3+ 27. Kc1 Qxe2
28. Be6+ Kh8 29. Qxh7+ Kxh7 30. Bg8+ Kxg8 31. fxe5 Rc3+ 32. Kb1 Qc2+ 33. Ka1
33... Ra8# {Hossa checkmated} 0-1

[Event "ICS Rated blitz match"]
[Site "204.178.125.65"]
[Date "1999.08.10"]
[Round "?"]
[White "MissSilicon"]
[Black "Hossa"]
[Result "1-0"]
[WhiteElo "2592"]
[BlackElo "2482"]
[PlyCount "154"]
[EventDate "1999.??.??"]

1. e4 c6 2. d4 d5 3. Nc3 dxe4 4. Nxe4 Bf5 5. Ng3 Bg6 6. h4 Qa5+ 7. c3 Nd7 8. h5
Bf5 9. d5 g6 10. Nxf5 gxf5 11. dxc6 bxc6 12. Qf3 Ne5 13. Qxf5 Rd8 14. Nf3 Rd5
15. Qh3 Qa4 16. Nd4 Bg7 17. Be2 e6 18. O-O Ne7 19. Bg5 h6 20. Bxe7 Kxe7 21. b3
Qa3 22. f4 Nd7 23. Nxc6+ Ke8 24. Qe3 Qc5 25. Qxc5 Rxc5 26. Nxa7 Bxc3 27. Rac1
Bd4+ 28. Kh1 Be3 29. Rxc5 Nxc5 30. Rf3 Bd2 31. Nc6 Rg8 32. Kg1 Kd7 33. Bb5 Ne4
34. f5 Rg5 35. Rd3+ Kc7 36. Nd4 Be1 37. fxe6 Bf2+ 38. Kf1 Bxd4 39. e7 Nf6 40.
e8=N+ Nxe8 41. Bxe8 Rf5+ 42. Rf3 Rxh5 43. Rxf7+ Kb6 44. Rb7+ Kxb7 45. Bxh5 Kb6
46. Ke2 Kc5 47. Kd3 Be5 48. a3 Kc6 49. b4 Kb5 50. Be8+ Ka6 51. a4 Bg3 52. Bh5
Kb6 53. Kc4 Kc7 54. a5 Be1 55. a6 Kb6 56. b5 Bf2 57. g4 Bg3 58. Be8 Bf4 59. Bf7
Be5 60. Bg8 Bb8 61. Bd5 Kc7 62. Ba8 Ba7 63. Kd5 Kd7 64. Bc6+ Ke7 65. Be8 h5 66.
Bxh5 Kd7 67. g5 Ke7 68. Kc6 Be3 69. b6 Ke6 70. a7 Kf5 71. g6 Bd4 72. a8=Q Bb2
73. b7 Kg5 74. Qa5+ Kh6 75. b8=Q Be5 76. Qf8+ Kxh5 77. Qxe5+ 77... Kg4 {
Hossa resigns} 1-0

[Event "ICS Rated blitz match"]
[Site "204.178.125.65"]
[Date "1999.08.10"]
[Round "?"]
[White "Hossa"]
[Black "libertad"]
[Result "1-0"]
[WhiteElo "2471"]
[BlackElo "2196"]
[PlyCount "87"]
[EventDate "1999.??.??"]

1. d4 d5 2. c4 dxc4 3. e4 e5 4. Nf3 Bb4+ 5. Bd2 Bxd2+ 6. Nbxd2 exd4 7. Bxc4 Nc6
8. O-O Qf6 9. e5 Qg6 10. Bb5 Bg4 11. Qa4 Nge7 12. Qxd4 O-O 13. Qf4 Nd5 14. Qg3
Nce7 15. h3 a6 16. Bc4 Bf5 17. Qxg6 Bxg6 18. Rfd1 Rfd8 19. Rac1 c6 20. Nb3 Nf4
21. Nc5 b5 22. Rxd8+ Rxd8 23. Bf1 a5 24. Nb7 Ra8 25. Nd4 Ra7 26. Nxc6 Rxb7 27.
Nxe7+ Kf8 28. Nxg6+ Nxg6 29. Rc5 Re7 30. Rc8+ Re8 31. Rxe8+ Kxe8 32. Bxb5+ Kd8
33. Bd3 Nxe5 34. Bxh7 g6 35. f4 Nd7 36. f5 Nf8 37. Bg8 Ke7 38. fxg6 Nxg6 39.
Bh7 Nf4 40. Be4 Ne2+ 41. Kf2 Nc1 42. Bb1 a4 43. Ke3 Kd6 44. Kd2 {
libertad resigns} 1-0

[Event "ICS Rated blitz match"]
[Site "204.178.125.65"]
[Date "1999.08.10"]
[Round "?"]
[White "Hossa"]
[Black "MissSilicon"]
[Result "0-1"]
[WhiteElo "2476"]
[BlackElo "2603"]
[PlyCount "100"]
[EventDate "1999.??.??"]

1. d4 f5 2. c4 e6 3. e3 Nf6 4. Bd3 Nc6 5. Ne2 Nb4 6. b3 Nxd3+ 7. Qxd3 Bb4+ 8.
Bd2 Be7 9. O-O b6 10. Nbc3 Bb7 11. f3 O-O 12. Nf4 g5 13. Nh3 g4 14. fxg4 Nxg4
15. Nf4 Nf6 16. a4 Ne4 17. Bc1 Rf7 18. Ba3 Rg7 19. Bxe7 Qxe7 20. Nb5 a6 21. Nc3
Qb4 22. Nb1 e5 23. Nd5 Bxd5 24. cxd5 exd4 25. exd4 Qd6 26. Qc4 Nf6 27. Qc3 Qxd5
28. Ra2 Re8 29. Raf2 Ne4 30. Qe3 f4 31. Qf3 Qd6 32. Qh5 Ree7 33. Rxf4 Qxd4+ 34.
Kh1 Nf2+ 35. R4xf2 Qxf2 36. Qf3 Rgf7 37. Qxf2 Rxf2 38. Kg1 Rc2 39. g4 Ree2 40.
Rd1 Rg2+ 41. Kf1 Rxh2 42. Kg1 Rcg2+ 43. Kf1 Rb2 44. Kg1 Rh3 45. Na3 Rhxb3 46.
Nc4 Ra2 47. a5 b5 48. Ne5 d6 49. Nd7 Kf7 50. Rc1 50... c5 {Hossa resigns} 0-1

[Event "ICS Rated blitz match"]
[Site "204.178.125.65"]
[Date "1999.08.10"]
[Round "?"]
[White "libertad"]
[Black "Hossa"]
[Result "0-1"]
[WhiteElo "2187"]
[BlackElo "2466"]
[PlyCount "44"]
[EventDate "1999.??.??"]

1. e4 c6 2. Nf3 d5 3. exd5 cxd5 4. d4 Bg4 5. Be2 Nc6 6. O-O e6 7. c4 dxc4 8.
Nc3 Bb4 9. a3 Ba5 10. b4 cxb3 11. Qxb3 Bxf3 12. Bxf3 Nxd4 13. Qxb7 Bxc3 14. Bg5
f6 15. Bc6+ Nxc6 16. Qxc6+ Kf7 17. Rad1 Rc8 18. Rxd8 Rxc6 19. Rc1 fxg5 20. Rd3
Ne7 21. Rdxc3 Rxc3 22. Rxc3 22... Rc8 {libertad resigns} 0-1

[Event "ICS Rated blitz match"]
[Site "204.178.125.65"]
[Date "1999.08.10"]
[Round "?"]
[White "Hossa"]
[Black "Zenith"]
[Result "0-1"]
[WhiteElo "2471"]
[BlackElo "2840"]
[PlyCount "68"]
[EventDate "1999.??.??"]

1. d4 Nf6 2. c4 g6 3. Nc3 d5 4. e3 Bg7 5. Nf3 O-O 6. Ne5 c5 7. Be2 cxd4 8. exd4
dxc4 9. O-O Nbd7 10. Nxc4 Nb6 11. Bg5 Nxc4 12. Bxc4 Bf5 13. Bxf6 Bxf6 14. Ne2
Qd7 15. Rc1 Rfd8 16. Qb3 e6 17. Rfd1 Rac8 18. Qa3 b5 19. Bb3 Rxc1 20. Rxc1 Bg4
21. f3 Bxd4+ 22. Kh1 Be3 23. Rf1 Bf5 24. Nc3 Qb7 25. Qa5 Bb6 26. Qxb5 Bd3 27.
Bc4 Bxf1 28. Bxf1 Qd7 29. Qc4 Qd2 30. Na4 Qf2 31. Nxb6 Rd1 32. h4 Rxf1+ 33. Kh2
Rg1 34. Qc8+ 34... Kg7 {Hossa resigns} 0-1

[Event "ICS rated bullet match"]
[Site "204.178.125.65"]
[Date "1999.08.10"]
[Round "?"]
[White "Hossa"]
[Black "MissSilicon"]
[Result "0-1"]
[WhiteElo "2315"]
[BlackElo "2620"]
[PlyCount "58"]
[EventDate "1999.??.??"]

1. d4 Nf6 2. c4 g6 3. Nc3 d5 4. e3 Bg7 5. Nf3 O-O 6. cxd5 Nxd5 7. e4 Nxc3 8.
bxc3 c5 9. Be3 cxd4 10. cxd4 Nc6 11. Be2 Bg4 12. Rb1 Bxf3 13. Bxf3 Bxd4 14.
Bxd4 Qa5+ 15. Qd2 Qxd2+ 16. Kxd2 Nxd4 17. Rxb7 Rfd8 18. Ke3 Rac8 19. Rxa7 Rc3+
20. Kf4 Nxf3 21. gxf3 Rdd3 22. Kg4 Rxf3 23. Rxe7 f6 24. Re8+ Kf7 25. Rh8 h5+
26. Rxh5 gxh5+ 27. Kxh5 Rf4 28. f3 Rc5+ 29. Kh6 29... Rh4# {Hossa checkmated}
0-1

[Event "ICS Rated blitz match"]
[Site "204.178.125.65"]
[Date "1999.08.10"]
[Round "?"]
[White "libertad"]
[Black "Hossa"]
[Result "0-1"]
[WhiteElo "2197"]
[BlackElo "2468"]
[PlyCount "122"]
[EventDate "1999.??.??"]

1. d4 d5 2. c4 Nc6 3. Nc3 e5 4. dxe5 d4 5. Nd5 Be6 6. e4 dxe3 7. Bxe3 Nxe5 8.
Nf3 Nxf3+ 9. Qxf3 Bxd5 10. Qxd5 Qxd5 11. cxd5 Bb4+ 12. Bd2 Bxd2+ 13. Kxd2 O-O-O
14. Bc4 Nf6 15. Rad1 c6 16. Kc1 cxd5 17. Bb3 Kc7 18. f3 Rd6 19. Rhe1 Rc8 20.
Kb1 Re6 21. a3 Kd6 22. Rc1 Rxc1+ 23. Rxc1 Re2 24. Rc2 Rxc2 25. Kxc2 Ke5 26. Kd3
g5 27. g3 Nh5 28. Ba4 f5 29. Bd7 b6 30. b4 f4 31. g4 Nf6 32. Bb5 h6 33. a4 a5
34. bxa5 bxa5 35. Bc6 Kd6 36. Bb5 Kc5 37. Kc3 d4+ 38. Kd3 Nd5 39. Be8 Nb4+ 40.
Kd2 Kd5 41. Bf7+ Kc6 42. Be8+ Kc5 43. Bd7 Kd5 44. Be8 Na6 45. Kd3 Nc5+ 46. Kd2
Kc4 47. Bb5+ Kb3 48. Bc6 Kb4 49. Be8 Nxa4 50. Kd3 Nc5+ 51. Kxd4 Nb3+ 52. Ke5 a4
53. Kf6 a3 54. Kg6 a2 55. Kxh6 a1=Q 56. Kxg5 Qe5+ 57. Kh6 Qxe8 58. g5 Qh8+ 59.
Kg6 Nd4 60. h4 Qxh4 61. Kf6 61... Nxf3 {libertad resigns} 0-1

[Event "ICS Rated blitz match"]
[Site "204.178.125.65"]
[Date "1999.08.10"]
[Round "?"]
[White "Hossa"]
[Black "Varguz"]
[Result "0-1"]
[WhiteElo "2474"]
[BlackElo "2827"]
[Annotator "Fritz 5.32 (19s)"]
[PlyCount "74"]
[EventDate "1999.??.??"]

1. d4 1... d5 {Opening = D10 - 3.---} 2. c4 c6 3. Nc3 e5 4. cxd5 cxd5 5. dxe5
d4 6. Qa4+ $146 (6. Ne4 Qa5+ (6... Nc6 7. Nf3 Bf5 8. Ng3 Bg6 9. e4 dxe3 10.
Bxe3 Bb4+ 11. Bd2 Qb6 12. Bxb4 Qxb4+ 13. Qd2 Qxd2+ 14. Nxd2 Nxe5 15. Bb5+ Nc6
16. Bxc6+ bxc6 17. O-O-O O-O-O 18. Nc4 Ne7 19. Ne5 19... Kc7 {
- Sarfati,J-Saw,G/Suncoast AUS 1999 (19)}) 7. Bd2 (7. Nd2 Nc6 8. Ngf3 Nh6 9. g3
Ng4 10. Bg2 Ne3 11. fxe3 dxe3 12. O-O exd2 13. Bxd2 Qb6+ 14. Kh1 Be7 15. Bg5
O-O 16. Bxe7 Nxe7 17. Ng5 h6 18. Qd6 Nf5 19. Qxb6 axb6 20. e6 Ne3 21. exf7+
21... Kh8 {Guliev,S-Morozevich,A/Russian Cup Stage 1998/1-0 (33)}) 7... Qxe5 8.
Ng3 (8. Rc1 Nc6 9. Ng3 Nf6 10. Nf3 Qd5 11. a3 Bg4 12. Qc2 Be7 13. Qc4 Qxc4 14.
Rxc4 Bxf3 15. exf3 O-O 16. Be2 Rad8 17. O-O Rfe8 18. Bd1 Nd7 19. f4 Bf6 20. Nf5
Nb6 21. Rc1 Rd5 22. g4 Bd8 23. Bf3 Rd7 24. Bxc6 bxc6 25. Rxc6 Re2 26. Rd1 Re6
27. Rcc1 Na4 28. b3 Nb2 29. Rf1 Re2 30. Rc2 Nd3 31. Ng3 Ree7 32. Rc8 g6 33. f5
f6 34. g5 Re5 35. gxf6 gxf5 36. Bg5 Kf7 37. h4 Re1 38. Nxf5 Rxf1+ 39. Kxf1 Bxf6
40. Nh6+ Ke6 41. Rc6+ Rd6 42. Rxd6+ 42... Kxd6 {
Leenhouts,V-Colsen,M/HZ Open, Vlissingen NED 1997/1-0 (55)}) 8... Nc6 9. Nf3
Qe6 10. Qa4 Bc5 11. Rc1 Bb6 12. Nh5 Qd5 13. Nf4 Qd6 14. g3 Nf6 15. Bg2 O-O 16.
O-O Bd7 17. Rfd1 Ne4 18. Be1 Rfe8 19. Nd2 Nxd2 20. Bxd2 20... Rad8 {
Kolbus,D-Acs,P/FSGM June, Budapest HUN 1997/0-1 (32)}) 6... Nc6 7. Nb1 $11 (7.
Nb5 7... Bg4 $16) 7... Bd7 8. Bf4 Nb4 9. Qd1 $17 (9. Qb3 Qa5 10. Bd2 10... Ba4
$17) 9... Rc8 10. Na3 10... Qa5 {Droht Matt} 11. Bd2 (11. Qxd4 $4 {
das Schlagen des Bauern ist schlecht} 11... Nd3+ 12. Kd1 Qe1#) 11... Qxe5 12.
Bc1 (12. Qb3 Be6 13. Nf3 Bxb3 14. Nxe5 14... Bxa2 $17) 12... Qa5 (12... d3 13.
Nf3 Qe6 14. Qb3 Nxa2 15. Qxe6+ Bxe6 16. Bd2 $17) 13. Bd2 (13. Qxd4 $4 {
vergiftet...} 13... Nd3+ 14. Kd1 Qe1#) 13... Qxa3 14. bxa3 Nc2+ 15. Qxc2 {
ob er will oder nicht, Weiss muss Material hergeben} 15... Rxc2 {
Haelt den Koenig im Zentrum fest} 16. Nf3 Bc5 17. Bb4 17... b6 {Sichert a5+c5}
18. Ne5 $17 (18. Rd1 18... Ba4 $17) 18... Ba4 19. Bxc5 bxc5 (19... Rxc5 $6 20.
Nf3 $15) 20. Rb1 Nh6 21. Rb8+ (21. e3 O-O 22. exd4 22... Re8 $17) 21... Ke7 {
Mit der Mattdrohung Rc1} 22. Rb7+ (22. Rxh8 $4 {zu gierig} 22... Rc1+ 23. Kd2
Rd1#) 22... Kd6 23. f4 Ra8 24. Nxf7+ $4 {schlecht aber verstaendlich} (24. Rb2
$19 $142) 24... Nxf7 25. Kf2 25... d3 $1 {
logisch und kraftvoll. Schwarz haelt das Heft fest in der Hand} 26. Rb1 Rxa2
27. g4 Re8 28. Kg3 Bc6 29. Rg1 29... dxe2 {Droht Matt: exf1N} 30. Bxe2 Re3+ 31.
Kh4 {Ermoeglicht auch g5} 31... Raxe2 {Es droht Matt} 32. h3 32... Bg2 $1 {
zwingend und schoen. Droht Matt} 33. g5 Rxh3+ 34. Kg4 h5+ 35. gxh6 Nxh6+ 36.
Kg5 {Droht Rbd1} 36... Rg3+ 37. Kh5 Bf3+ (37... Bf3+ 38. Kh4 Nf5#) 0-1

[Event "ICS Rated blitz match"]
[Site "204.178.125.65"]
[Date "1999.08.10"]
[Round "?"]
[White "Varguz"]
[Black "Hossa"]
[Result "1-0"]
[WhiteElo "2831"]
[BlackElo "2470"]
[Annotator "Fritz 5.32 (19s)"]
[PlyCount "42"]
[EventDate "1999.??.??"]

1. e4 1... c6 {Opening = B11 - 3.Nc3 Bg4} 2. Nc3 d5 3. Nf3 Bg4 4. h3 Bxf3 5.
Qxf3 e6 6. d3 Bb4 7. Bd2 d4 8. Nb1 Qb6 9. Qg3 Bf8 10. b3 Na6 11. Be2 Nb4 12.
Bd1 Qc5 13. O-O Nxc2 14. Bxc2 Qxc2 15. Qc7 {Schwarz kann nicht lang rochieren}
15... Qb2 $2 $16 (15... Rd8 $5 $142 {damit waere Schwarz im Spiel geblieben}
16. Qxb7 16... Bd6 $14) 16. Qxb7 Rd8 17. Ba5 Qxa1 18. Qxc6+ $1 {
die richtige Fortsetzung, um den Vorteil festzuhalten.} 18... Ke7 19. Bxd8+ $3
{vergibt den Vorteil} 19... Kxd8 20. Rc1 $1 {
entscheidend. Weiss droht stark Qb7} 20... Bb4 (20... Qxa2 21. e5 Qxb1 22. Rxb1
$18) 21. Qc7+ Ke8 1-0

[Event "ICS Rated blitz match"]
[Site "204.178.125.65"]
[Date "1999.08.10"]
[Round "?"]
[White "Hossa"]
[Black "Varguz"]
[Result "0-1"]
[WhiteElo "2466"]
[BlackElo "2835"]
[Annotator "Fritz 5.32 (19s)"]
[PlyCount "42"]
[EventDate "1999.??.??"]

1. d4 1... Nf6 {Opening = A57 - 3.d5 b5 (4.cb5 a6 5.---)} 2. c4 c5 3. d5 b5 4.
cxb5 a6 5. f3 axb5 6. e4 Qa5+ 7. Bd2 b4 8. Na3 d6 9. Nc4 Qc7 (9... Qd8 10. a3
e6 11. dxe6 Bxe6 12. axb4 Rxa1 13. Qxa1 d5 14. exd5 Nxd5 15. Qa4+ Nd7 16. Ne2
Be7 17. bxc5 O-O 18. Nd4 Nxc5 19. Nxe6 fxe6 20. Qc2 Bg5 21. Be2 Bxd2+ 22. Qxd2
Qh4+ 23. g3 Qh3 24. Qd4 Nb3 25. Qe5 Qg2 26. Qxe6+ Kh8 27. Rf1 Nb4 28. Nd6 Nd3+
29. Kd1 Nxb2+ 30. Ke1 Nd3+ 31. Kd1 Nb2+ 32. Ke1 Nd3+ 33. Kd1 33... Nb2+ {
- Gretarsson,H-Bellon Lopez,J/Stockholm SWE 1999 (33)}) 10. a3 bxa3 11. Bc3
$146 (11. Rxa3 Rxa3 12. bxa3 (12. Nxa3 Bd7 (12... g6 13. Nb5 Qb7 14. Qa4 Nbd7
15. Na7 Bg7 16. Bb5 O-O 17. Ne2 Nb6 18. Qa5 Bd7 19. Bc6 Qb8 20. b3 e6 21. Nc3
exd5 22. exd5 Re8+ 23. Kf2 Qd8 24. Re1 {
- Dlugy,M-Adamson,R/New York Open, New York USA (4) 1995 (24)}) 13. Nb5 Bxb5
14. Bxb5+ Nbd7 15. Qa4 e6 16. Qa8+ Qd8 17. Qa7 exd5 18. Ba5 Qc8 19. Bc7 Ke7 20.
Ba6 Qe8 21. Ne2 g6 22. b4 Bh6 23. bxc5 dxc5 24. e5 Qa8 25. exf6+ Kxf6 26. Qb7
26... Re8 {Adianto,U-Dung,N/Genting Highlands zt 1995/1-0 (37)}) 12... g6 13.
Qa4+ Nbd7 14. Bd3 (14. Qc6 Qb8 15. Nb6 Bb7 16. Qa4 Bc8 17. Qa8 Qxa8 18. Nxa8 e6
19. Nh3 Ke7 20. Nc7 Bg7 21. dxe6 fxe6 22. Bb5 Ne5 23. Bc3 Nh5 24. O-O Bd7 25.
g4 Bxb5 26. Nxb5 Nf6 27. Bxe5 dxe5 28. Kf2 28... Ra8 {
Bareev,E-Fominyh,A/ch-RUS, Elista (1) 1995/ - (43)}) 14... Bg7 15. Ne2 O-O 16.
Nc3 Nb6 17. Qa5 Nfd7 18. Na4 Nxd5 19. exd5 Qb7 20. Nab6 Nxb6 21. Nxb6 Bf5 22.
Ba6 Qa7 23. Bb5 Qc7 24. Qa6 Rb8 25. Ba5 25... Rb7 {
Edvardsson,K-Karason,A/ch-ICL, Reykjavik 1995/1-0 (60)}) 11... a2 12. Na3 e5
13. dxe6 $11 (13. Bb5+ $5 13... Nbd7 14. Ne2 $14) 13... Bxe6 {
Schwarz fuehrt die Partie kraftvoll zu Ende} 14. Bxf6 $17 (14. Nh3 $5 $11 {
ist interessant}) 14... gxf6 15. Nb5 $19 (15. Bb5+ $5 $142 15... Kd8 16. Bc4
Qa5+ 17. Kf1 Bxc4+ 18. Nxc4 $15) 15... Qb6 16. Qd2 Nc6 17. b3 (17. Qd1 $19 $142
) 17... Bxb3 18. Nxd6+ Bxd6 19. Qxd6 Be6 20. Qd2 (20. Be2 $19 {
wuerde die Partie noch etwas verlaengern}) 20... Qb1+ $1 {
weise Rueckgabe des Materials} 21. Qd1 21... Qb2 {Mit der Idee Nd4} (21... Qb2
22. Be2 22... Bb3 $19) 0-1

[Event "ICS Rated blitz match"]
[Site "204.178.125.65"]
[Date "1999.08.10"]
[Round "?"]
[White "Varguz"]
[Black "Hossa"]
[Result "1-0"]
[WhiteElo "2838"]
[BlackElo "2463"]
[Annotator "Fritz 5.32 (19s)"]
[PlyCount "130"]
[EventDate "1999.??.??"]

1. c4 1... c6 {Opening = D11 - 3.Nf3(Nf6 4.e3 ---)} 2. d4 d5 3. Nf3 Bf5 4. Nc3
e6 5. Qb3 Qb6 6. c5 Qxb3 (6... Qc7 7. Bf4 Qc8 8. Nh4 Bg6 9. Nxg6 hxg6 10. e4
Nf6 11. exd5 Nxd5 12. Nxd5 cxd5 13. Bb5+ Nc6 14. O-O-O Be7 15. h4 Kf8 16. Kb1
a6 17. Ba4 Na5 18. Qf3 b6 19. cxb6 Qb7 20. Rc1 Qxb6 21. Rc7 {
Kramnik,V-Gelfand,B/Hoogovens, Wijk aan Zee NED 1998/1-0 (40)}) 7. axb3 7... a6
$146 {Kontrolliert b5} (7... Na6 8. Nh4 Nb4 9. Kd2 Ne7 10. Nxf5 Nxf5 11. e3 e5
12. g4 exd4 13. gxf5 dxc3+ 14. bxc3 Na6 15. Bxa6 bxa6 16. b4 Be7 17. Rxa6 Kd7
18. Kd3 Bf6 19. Bd2 Kc7 20. Rha1 Kb7 21. f3 Rhe8 22. Be1 g6 23. b5 Rec8 24.
bxc6+ Kc7 25. Bg3+ {1-0 Vera,S-Silva,R/Esucomex, Santiago CHI 1998 (25)}) (7...
Nd7 8. b4 f6 (8... b5 9. Bf4 a6 10. e3 Ngf6 11. h3 Be7 12. Be2 O-O 13. O-O Ra7
14. Nd2 Rfa8 15. Nb3 Nb8 16. Na5 Nfd7 17. Rfd1 f6 18. Bg3 Kf7 19. Bf3 Bd8 20.
e4 Bxa5 21. Rxa5 Bg6 22. Re1 f5 23. exd5 cxd5 24. Nxd5 Nc6 25. Nb6 Nxa5 26.
bxa5 Rd8 27. c6 Nf6 28. c7 Rxc7 29. Bxc7 Rxd4 30. Bb7 Nd7 31. Nxd7 Rxd7 32. Rc1
32... Rd2 {1-0 Lirindzakis,T-Eftimakis,D/8th Open, Ano Liosia GRE 1997 (32)})
9. Bf4 Ne7 10. e3 Ng6 11. Bg3 e5 12. Be2 Be7 13. b5 O-O 14. O-O Bd8 15. bxc6
bxc6 16. Ra6 Nb8 17. Ra4 Bg4 18. Rfa1 e4 19. Rxa7 Rxa7 20. Rxa7 Be7 21. Nh4
Bxe2 22. Nxg6 {CENTAUR-Bakker,P/AEGON, The Hague NED (5) 1996/1-0 (33)}) 8. Bf4
Nd7 9. e3 Be7 10. h3 {Befestigt g4} 10... Ngf6 11. Be2 O-O 12. O-O Ne4 13. Nxe4
Bxe4 14. b4 Rad8 15. Ne5 Nxe5 (15... Rfe8 16. Rfe1 $11) 16. Bxe5 ({
Schlechter ist} 16. dxe5 16... d4 $17) 16... Rd7 17. Rfc1 Rfd8 18. Bg4 Bh4 19.
Ra5 Re8 20. Rca1 f6 21. Bf4 Rf7 22. g3 22... e5 {Der Standardhebel} 23. gxh4
$15 (23. Bxe5 fxe5 24. gxh4 exd4 25. exd4 25... Bf5 $15) 23... exf4 24. exf4
Rfe7 25. Re1 f5 26. Bh5 g6 27. Bd1 27... h5 $14 (27... Bd3 28. Re5 $11) 28. Ra3
Bb1 29. Ree3 Kf7 30. Re5 Re6 31. Rae3 R8e7 32. Kg2 Be4+ 33. Kh2 {
Weiss ergreift die Initiative} 33... Re8 34. Bb3 Kf6 35. Kg1 35... R6e7 $16 (
35... Bb1 36. Kf1 $16) 36. Rc3 {Weiss plant Ba2} 36... Bb1 37. Kf1 Kg7 38. Ke2
{Droht Rc1} 38... Rxe5+ 39. dxe5 39... d4 {
Der Freibauer e5 wird eine wichtige Rolle spielen} 40. Rc1 Be4 41. f3 Bd5 42.
Bxd5 cxd5 43. Kd3 Rd8 44. Kxd4 {Nun geraet Schwarz unter starken Druck.} 44...
Kf7 45. Ra1 Ke6 (45... Rd7 46. Ra5 $18) 46. Ra5 Kd7 47. b5 (47. Kxd5 $6 47...
Ke7+ 48. Kc4 48... Rd2 $18) 47... axb5 48. Rxb5 Kc7 49. Rb6 Ra8 50. Kxd5 Rd8+ (
50... Ra4 {hilft allerdings auch nicht} 51. e6 $1 {das wars} 51... Ra8 52. e7
$18) 51. Rd6 Rg8 52. Ke6 Rf8 53. Ke7 Ra8 54. Kf7 Rc8 55. e6 Rh8 56. e7 Rh7+ 57.
Kf8 Rh8+ 58. Kg7 {Mit der Mattdrohung Kxh8} 58... Re8 59. Kf7 {Droht Matt: Kxe8
} 59... Ra8 60. e8=R {Es droht Matt} 60... Ra5 61. Re7+ Kc8 62. Rxg6 Kb8 63. c6
63... Rb5 {Weiss darf Schwarz nun nicht zu Ka8 kommen lassen} 64. c7+ Ka7 65.
c8=Q Rb6 1-0

[Event "ICS Rated blitz match"]
[Site "204.178.125.65"]
[Date "1999.08.10"]
[Round "?"]
[White "Hossa"]
[Black "Varguz"]
[Result "0-1"]
[WhiteElo "2460"]
[BlackElo "2841"]
[Annotator "Fritz 5.32 (19s)"]
[PlyCount "112"]
[EventDate "1999.??.??"]

1. e4 1... c6 {Opening = B11 - 3.Nc3 Bg4} 2. Nc3 d5 3. Nf3 Bg4 4. h3 Bxf3 5.
Qxf3 Nf6 6. exd5 cxd5 7. Bb5+ Nc6 8. O-O e6 9. d4 Be7 10. Qg3 O-O 11. Bh6 {
Es droht Matt} 11... Ne8 12. Bxc6 12... bxc6 {Deckt b5} 13. Be3 Nd6 14. Rae1
Nf5 15. Qf4 $15 (15. Qg4 15... Bd6 $11) 15... Qa5 $11 (15... Qb8 16. Qxb8 Raxb8
17. Na4 $15) 16. a3 {Verwehrt dem Gegner b4} 16... Rab8 17. Nd1 Qa4 18. Re2 a5
19. Rfe1 Bd6 20. Qg4 Nxe3 21. fxe3 {Ueberdeckt f4} 21... c5 22. Rf1 f5 23. Qf3
cxd4 24. b3 Qxa3 25. exd4 Rfe8 26. Rfe1 Qb4 27. Qf2 Qb6 28. Kh1 (28. Rxe6 $2 {
ist ein Schlag ins Wasser} 28... Rxe6 29. Rxe6 Bh2+ 30. Kxh2 30... Qxe6 $17)
28... Bc7 29. Nc3 29... Qd6 {Mit der Mattdrohung Qh2} 30. Re5 Qc6 31. R5e3 Bb6
32. Qd2 Ba7 33. Ne2 Rb4 34. Rf3 Reb8 35. Nf4 $19 (35. Rd3 $5 $17 $142) 35...
Rxd4 36. Qxa5 Bb6 37. Qa1 Ra8 (37... Qxc2 $2 {geht nicht} 38. Nxe6 Qd2 39. Rxf5
$18) 38. Qb1 Re4 39. Ne2 Qd6 40. c3 (40. Ng3 40... Bc7 $19) 40... Qe5 {
Schwarz geht zum Angriff ueber} 41. Qd3 (41. Qc2 41... g5 $19) 41... Bc7 {
Droht Matt} 42. g3 Ra2 43. Qb5 {Droht Matt: Qe8} 43... Bd6 (43... h6 $142 {
sichert den Gewinn} 44. Rf2 Re3 45. Rg2 $19) 44. Rf2 Re3 45. Rg2 Qe4 46. Kg1 {
Schwarz darf nun die Drohung Qc6 nicht uebersehen} 46... Kf8 (46... h6 47. Qe8+
Kh7 48. Qa4 Rxa4 49. bxa4 Rxg3 50. Rxg3 Bxg3 51. Nxg3 Qxe1+ 52. Kg2 $19) 47. g4
(47. Qb6 {ist vielleicht noch ein Schwindelversuch} 47... Bxg3 $1 {
nicht am Material kleben ist die Devise} 48. Qd8+ Kf7 49. Qg5 $19) 47... Rg3 $1
{und der Wal spuckt Jonas wieder aus. Droht Matt: Qxg2} 48. Rxg3 48... Bxg3 {
Es droht Matt} 49. Qc5+ Kf7 50. gxf5 (50. Qd4 {macht keinen grossen Unterschied
} 50... Bxe1 51. Qxe4 51... dxe4 $19) 50... Bxe1 {Mit der Mattdrohung Bg3} 51.
Qc7+ (51. fxe6+ 51... Kg6 $1 {das war die Absicht} 52. e7 Rxe2 53. e8=Q+ Qxe8
54. Qb6+ Kf7 55. Qb7+ Kf8 56. Qb4+ Kg8 57. Qd4 Qf7 58. c4 Bf2+ 59. Kf1 Re1+ 60.
Kg2 Rg1+ 61. Kh2 Qc7+ 62. Qe5 Qxe5#) 51... Kf6 {Droht Matt} 52. Qd8+ Kxf5 53.
Qf8+ Kg6 54. Nf4+ Kh6 55. Ne2 Rxe2 56. Qf1 Qg6+ (56... Qg6+ 57. Kh1 Rf2 58.
Qxf2 Bxf2 59. c4 Qg1#) 0-1